Normal view MARC view

Entry Corporate Name

Number of records used in: 3

001 - CONTROL NUMBER

  • control field: 5345

003 - CONTROL NUMBER IDENTIFIER

  • control field: NUST

005 - DATE AND TIME OF LATEST TRANSACTION

  • control field: 20171011130204.0

008 - FIXED-LENGTH DATA ELEMENTS

  • fixed length control field: 171011|| aca||aabn | a|a d

040 ## - CATALOGING SOURCE

  • Original cataloging agency: NUST
  • Transcribing agency: NUST

110 ## - HEADING--CORPORATE NAME

  • Corporate name or jurisdiction name as entry element:
  • General subdivision: .Net Security

670 ## - SOURCE DATA FOUND

  • Source citation: Work cat.: (NUST)23128: Thorsteinson, Peter 5344, . Net Security and Cryptography, C,2004
© 2023 Central Library, National University of Sciences and Technology. All Rights Reserved.